| 000 | 00972nam a22002417a 4500 | ||
|---|---|---|---|
| 999 |
_c63693 _d63693 |
||
| 005 | 20240530110654.0 | ||
| 008 | 171218s2016 ua a g b 000 0 ara d | ||
| 017 |
_a2015/21078 _bمصر. دار الكتب |
||
| 020 | _a9789777950206 | ||
| 040 |
_aEG-CaGPL _cEG-CaGPL |
||
| 082 | 0 | 4 |
_221 _a330.951 _bب ط |
| 100 | 1 | _aبوو ، وو شياو | |
| 245 | 1 | 2 |
_aالطفرة الصينية : _bثلاثون عاما من التنمية / _cووشياو بوو ؛ ترجمة رشا كمال ؛ مراجعة مايونغ ليانغ . |
| 250 | _aط.1 | ||
| 260 |
_aالقاهرة : _bالدار المصرية اللبنانية ، _c2016 . |
||
| 300 |
_a230 ص. ؛ _c22 سم. |
||
| 650 |
_2qrmak _aالاستثمار _zالصين |
||
| 651 | 0 | 7 |
_2qrmak _aالصين _xالاحوال الاقتصادية |
| 700 | 0 |
_aرشا كمال _eمترجم |
|
| 700 | 0 |
_aمايونغ ليانغ _eمراجع |
|
| 942 |
_2ddc _cBK |
||